Acute illness management / (Record no. 4716)

000 -LEADER
fixed length control field 01571cam a2200397 a 4500
001 - CONTROL NUMBER
control field 16419990
003 - CONTROL NUMBER IDENTIFIER
control field OSt
005 - DATE AND TIME OF LATEST TRANSACTION
control field 20220328074722.0
008 - FIXED-LENGTH DATA ELEMENTS--GENERAL INFORMATION
fixed length control field 100817s2011 caua b 001 0 eng c
010 ## - LIBRARY OF CONGRESS CONTROL NUMBER
LC control number 2010935083
015 ## - NATIONAL BIBLIOGRAPHY NUMBER
National bibliography number GBB0B4469
Source bnb
016 7# - NATIONAL BIBLIOGRAPHIC AGENCY CONTROL NUMBER
Record control number 101560777
Source DNLM
016 7# - NATIONAL BIBLIOGRAPHIC AGENCY CONTROL NUMBER
Record control number 015654914
Source Uk
020 ## - INTERNATIONAL STANDARD BOOK NUMBER
International Standard Book Number 9781847879554
020 ## - INTERNATIONAL STANDARD BOOK NUMBER
International Standard Book Number 1847879551
020 ## - INTERNATIONAL STANDARD BOOK NUMBER
International Standard Book Number 9781847879561 (pbk.)
020 ## - INTERNATIONAL STANDARD BOOK NUMBER
International Standard Book Number 184787956X (pbk.)
035 ## - SYSTEM CONTROL NUMBER
System control number (OCoLC)ocn733916503
040 ## - CATALOGING SOURCE
Original cataloging agency NLM
Transcribing agency ALUPE UNIVERSITY
Modifying agency UKM
-- YDXCP
-- MMU
-- TMI
-- CDX
-- DLC
042 ## - AUTHENTICATION CODE
Authentication code pcc
050 00 - LIBRARY OF CONGRESS CALL NUMBER
Classification number RC86.7
Item number .M85 2011
060 00 - NATIONAL LIBRARY OF MEDICINE CALL NUMBER
Classification number 2011 F-071
060 10 - NATIONAL LIBRARY OF MEDICINE CALL NUMBER
Classification number WX 218
082 00 - DEWEY DECIMAL CLASSIFICATION NUMBER
Classification number 616.02/8
Edition number 23
100 1# - MAIN ENTRY--PERSONAL NAME
Personal name Mulryan, Chris.
245 10 - TITLE STATEMENT
Title Acute illness management /
Statement of responsibility, etc. Chris Mulryan.
260 ## - PUBLICATION, DISTRIBUTION, ETC.
Place of publication, distribution, etc. Los Angeles :
Name of publisher, distributor, etc. SAGE,
Date of publication, distribution, etc. 2011.
300 ## - PHYSICAL DESCRIPTION
Extent xv, 221 p. :
Other physical details ill. ;
Dimensions 25 cm.
504 ## - BIBLIOGRAPHY, ETC. NOTE
Bibliography, etc. note Includes bibliographical references and index.
505 0# - FORMATTED CONTENTS NOTE
Formatted contents note Acute illness management: an overview -- Physiology of acute illness -- Patient stability assessment -- Problems with the airway and breathing -- Understanding and resolving problems with the circulation -- Electrocardiographic monitoring -- Responding to the acutely ill patient -- Significant others, breaking bad news -- Legal, ethical and professional issues.
650 #0 - SUBJECT ADDED ENTRY--TOPICAL TERM
Topical term or geographic name entry element Critical care medicine.
650 12 - SUBJECT ADDED ENTRY--TOPICAL TERM
Topical term or geographic name entry element Critical Care
General subdivision methods.
906 ## - LOCAL DATA ELEMENT F, LDF (RLIN)
a 7
b cbc
c pccadap
d 2
e ncip
f 20
g y-gencatlg
942 ## - ADDED ENTRY ELEMENTS (KOHA)
Source of classification or shelving scheme
Koha item type Book
Suppress in OPAC DO
Holdings
Withdrawn status Lost status Source of classification or shelving scheme Damaged status Not for loan Permanent Location Current Location Shelving location Date acquired Total Checkouts Full call number Barcode Date last seen Price effective from Koha item type Public note
          AU LIBRARY AU LIBRARY Open Shelf 28.03.2022   RC86.7 .M85 2011 28006996 28.03.2022 28.03.2022 Book DO

Powered by Koha